000 00740nam a22002771 4500
001 35648
003 BD-RjUL
005 20211209052346.0
008 140528s1963 nyu b 000 0 eng
035 _a(BD-RjUL)35743
040 _aDLC
_cDLC
_dDLC
_beng
041 _aeng
082 0 0 _a361.7
_bHOO 1963
100 1 _aHoffer, Eric.
_9104971
245 1 4 _aThe ordeal of change;
_cEric Hoffer.
260 _aNew York :
_bHarper & Row,
_cc1963.
300 _a150 p. ;
_c22 cm.
504 _aIncludes bibliography.
650 0 _aSocial change.
_9108535
650 0 _aCommunism.
_9108536
650 0 _aIntellectuals.
_9108537
650 0 _aHistory
_xPhilosophy.
_9108538
942 _2ddc
_cBK
999 _c35648
_d35648